Sociology: a Systematic Introduction (Record no. 227211)
[ view plain ]
| 000 -LEADER | |
|---|---|
| fixed length control field | 00516nam a22001817a 4500 |
| 005 - DATE AND TIME OF LATEST TRANSACTION | |
| control field | 20230419150916.0 |
| 008 - FIXED-LENGTH DATA ELEMENTS--GENERAL INFORMATION | |
| fixed length control field | 230419b ||||| |||| 00| 0 eng d |
| 040 ## - CATALOGING SOURCE | |
| Transcribing agency | AL |
| 041 ## - LANGUAGE CODE | |
| Language code of text/sound track or separate title | English |
| 082 ## - DEWEY DECIMAL CLASSIFICATION NUMBER | |
| Edition number | 23 |
| Classification number | 310/116 |
| Item number | JOHS |
| 100 ## - MAIN ENTRY--PERSONAL NAME | |
| Personal name | Harry M Johnson |
| 100 ## - MAIN ENTRY--PERSONAL NAME | |
| 9 (RLIN) | 90639 |
| 245 ## - TITLE STATEMENT | |
| Title | Sociology: a Systematic Introduction |
| 260 ## - PUBLICATION, DISTRIBUTION, ETC. | |
| Place of publication, distribution, etc. | New Delhi |
| Name of publisher, distributor, etc. | Allied Publishers Private Limited |
| Date of publication, distribution, etc. | 1966 |
| 300 ## - PHYSICAL DESCRIPTION | |
| Extent | xv,688 p. |
| Other physical details | PB |
| Dimensions | 23.5x15 cm. |
| 650 ## - SUBJECT ADDED ENTRY--TOPICAL TERM | |
| Topical term or geographic name entry element | Sociology |
| 9 (RLIN) | 90640 |
| 700 ## - ADDED ENTRY--PERSONAL NAME | |
| Personal name | JOHNSON (Harry M) |
| 9 (RLIN) | 90641 |
| 942 ## - ADDED ENTRY ELEMENTS (KOHA) | |
| Source of classification or shelving scheme | Dewey Decimal Classification |
| Koha item type | Special Grants |
| Withdrawn status | Lost status | Source of classification or shelving scheme | Damaged status | Not for loan | Collection code | Home library | Current library | Shelving location | Date acquired | Total Checkouts | Full call number | Barcode | Date last seen | Price effective from | Koha item type |
|---|---|---|---|---|---|---|---|---|---|---|---|---|---|---|---|
| Dewey Decimal Classification | Sociology | St Aloysius Library | St Aloysius Library | UGC Book Bank | 04/19/2023 | 310/116 JOHS | SG02938 | 04/19/2023 | 04/19/2023 | Special Grants | |||||
| Dewey Decimal Classification | Sociology | St Aloysius Library | St Aloysius Library | UGC Book Bank | 04/19/2023 | 310/117 JOHS | SG02939 | 04/19/2023 | 04/19/2023 | Special Grants | |||||
| Dewey Decimal Classification | Sociology | St Aloysius Library | St Aloysius Library | UGC Book Bank | 04/19/2023 | 310/118 JOHS | SG02940 | 04/19/2023 | 04/19/2023 | Special Grants | |||||
| Dewey Decimal Classification | Sociology | St Aloysius Library | St Aloysius Library | UGC Book Bank | 04/19/2023 | 310/119 JOHS | SG02941 | 04/19/2023 | 04/19/2023 | Special Grants |